The quick & easy way to effective speaking : (Record no. 117824)
[ view plain ]
| 000 -LEADER | |
|---|---|
| fixed length control field | 00459nam a2200145Ia 4500 |
| 008 - FIXED-LENGTH DATA ELEMENTS--GENERAL INFORMATION | |
| fixed length control field | 140529s9999 xx 000 0 und d |
| 050 ## - LIBRARY OF CONGRESS CALL NUMBER | |
| Classification number | PN 4121 |
| Item number | .C215 1977 |
| 100 ## - MAIN ENTRY--PERSONAL NAME | |
| Personal name | Carnegie, Dale. |
| 245 ## - TITLE STATEMENT | |
| Title | The quick & easy way to effective speaking : |
| Remainder of title | modern techniques for dynamic communication / |
| Statement of responsibility, etc | Dale Carnegie |
| 260 ## - PUBLICATION, DISTRIBUTION, ETC. (IMPRINT) | |
| Place of publication, distribution, etc | New York : |
| Name of publisher, distributor, etc | Pocket Books, |
| Date of publication, distribution, etc | c1977. |
| 300 ## - PHYSICAL DESCRIPTION | |
| Extent | 221 p. ; |
| Dimensions | 17 cm. |
| 521 ## - TARGET AUDIENCE NOTE | |
| Target audience note | |
| 942 ## - ADDED ENTRY ELEMENTS (KOHA) | |
| Call number prefix | Foreign |
| Koha item type | Books |
| Withdrawn status | Lost status | Source of classification or shelving scheme | Damaged status | Home library | Current library | Shelving location | Date acquired | Source of acquisition | Cost, normal purchase price | Total Checkouts | Total Renewals | Full call number | Barcode | Date last seen | Date checked out | Price effective from | Koha item type |
|---|---|---|---|---|---|---|---|---|---|---|---|---|---|---|---|---|---|
| Library of Congress Classification | Archives | Archives | 05/30/2014 | Donation | 5.99 | 8 | 3 | PN 4121 .C215 1977 | C1472 | 05/15/2018 | 08/11/2016 | 05/30/2014 | Books |